Jugadores Francia #2 - Estadísticas

Estadísticas generales
  • Esta prueba ha sido intentada 32 veces
  • La puntuación promedio es 15 de 20
Estadísticas de respuestas
Imagen Respuesta % Correcto
Giroud
100%
Benzema
96%
Kante
96%
Mendy
96%
Lucas Hernandez
93%
Nkunku
89%
Upamecano
89%
Lacazette
85%
Lemar
85%
Digne
81%
Pavard
81%
Guendouzi
78%
Mateta
74%
Tolisso
74%
Saint Maximin
70%
Kamara
52%
Chevalier
48%
Simakan
48%
Fofana
37%
Boscagli
30%
No se encontraron pruebas coincidentes
Distribución de puntuación
Porcentaje de gente con cada puntuación
Porcentaje por número respondido
Historial de tus puntuaciones
No has intentado esta prueba.